000 00852cam a2200265 4500
001 J3867
008 090401t1996 xxu||||| |||| 00| 0 eng d
035 _a(Sirsi) u57182
041 _aeng
050 _a692.8
090 _aJCT 1996/9A
110 _aJoint Contracts Tribunal
_93664
245 _aStandard form of measured term contract 1989 edition. Amendment 3 and guidance notes issued July 1996 : insurance and indemnity provisions.
260 _aLondon
_bRIBA Publications
_c1996
300 _a8p. ; 30cm.
350 _a0.6
650 _aAMENDMENT 3
650 _aBUILT ENVIRONMENT-BUILDING CONTRACT FORMS
650 _aINSURANCE PROVISIONS
650 _aJCT STANDARD FORM OF MEASURED TERM CONTRACT
650 _aMEASURED TERM CONTRACTS
690 _aBUILT ENVIRONMENT-BUILDING CONTRACT FORMS
942 _n0
948 _c04/03/1997
999 _c93907
_d93907